Systémy a formy finančnej podpory podnikateľských subjektov v Slovenskej republike
Informácia o jednotlivých formách finančnej podpory podnikateľských subjektov. Finančná pomoc z makroekonomického hľadiska. Podnikové hľadisko. Význam finančnej podpory podnikateľských subjektov. Oblasti smerovania štátnej finančnej pomoci. Formy finančnej podpory. Inštitucionálne subjekty podpory....
Gespeichert in:
| 1. Verfasser: | |
|---|---|
| Weitere Verfasser: | |
| Format: | Buchkapitel |
| Sprache: | Slowakisch |
| Schlagworte: | |
| Tags: |
Keine Tags, Fügen Sie das erste Tag hinzu!
|
MARC
| LEADER | 00000naa$a2200000$$$4500 | ||
|---|---|---|---|
| 001 | 0004549 | ||
| 005 | 20231002130505.5 | ||
| 041 | 0 | |a slo | |
| 044 | |a CZ | ||
| 245 | 1 | 0 | |a Systémy a formy finančnej podpory podnikateľských subjektov v Slovenskej republike |c aut. Michal Janok, Martina Ančicová |
| 520 | |a Informácia o jednotlivých formách finančnej podpory podnikateľských subjektov. Finančná pomoc z makroekonomického hľadiska. Podnikové hľadisko. Význam finančnej podpory podnikateľských subjektov. Oblasti smerovania štátnej finančnej pomoci. Formy finančnej podpory. Inštitucionálne subjekty podpory. Využívanie podporných finančných programov v SR. | ||
| 610 | 2 | 0 | |a podpora podnikania |
| 610 | 2 | 0 | |a podnikatelia |
| 610 | 2 | 0 | |a financie štátne |
| 610 | 2 | 0 | |a programy rozvojové |
| 610 | 2 | 0 | |a fondy podnikové podporné |
| 610 | 2 | 0 | |a úver |
| 610 | 2 | 0 | |a Slovensko |
| 100 | 1 | |a Janok, Michal | |
| 700 | 1 | |a Ančicová, Martina | |